| 000 | 00617nam a22002297a 4500 | ||
|---|---|---|---|
| 005 | 20240918081155.0 | ||
| 008 | 240918b |||||||| |||| 00| 0 eng d | ||
| 020 | _a9788176800471 | ||
| 040 |
_aIN-DiNC _cIN-DiNC |
||
| 041 | _dasm | ||
| 082 |
_a330 _bGOE |
||
| 100 |
_aGoel, JP _eauthor |
||
| 245 |
_aPrarambhik arthabigyan (XI)/ _cby JP Goel and H Goswami |
||
| 250 | _a6th ed. | ||
| 260 |
_aDibrugarh: _bTushar publishing house, _c2024. |
||
| 300 | _a668p. | ||
| 650 | _aEconomics (XI) | ||
| 650 | _aMicroeconomics | ||
| 650 | _aStatistics for economics | ||
| 700 |
_aGoswami, H _eauthor |
||
| 942 |
_2ddc _cBK |
||
| 999 |
_c11960 _d11960 |
||